[Event "Kemer Turkey Cup"]
[Site "Kemer"]
[Date "2014.02.08"]
[Round "9"]
[White "Unal, Osman"]
[Black "Koc, Zeki"]
[Result "0-1"]
[WhiteElo "1823"]
[BlackElo "1558"]
[PlyCount "84"]
[EventDate "2014.02.01"]
[EventType "swiss"]
[EventRounds "9"]
[EventCountry "TUR"]
[SourceTitle "EXT 2015"]
[Source "ChessBase"]
[SourceDate "2014.11.20"]
[SourceVersion "1"]
[SourceVersionDate "2014.11.20"]
[SourceQuality "1"]

1. e4 c5 2. c4 Nc6 3. Nf3 g6 4. d4 Bg7 5. Be3 Qb6 6. d5 Qxb2 7. dxc6 dxc6 8. Bxc5 Qxa1 9. Bd3 Bg4 10. 0-0 Qf6 11. Nbd2 b6 12. Bd4 Qxd4 13. Nxd4 Bxd1 14. Nxc6 Ba4 15. Nb4 0-0-0 16. Nf3 a5 17. Nd5 Rd6 18. Rb1 Kd8 19. c5 Rxd5 20. exd5 bxc5 21. Ng5 Nh6 22. Ne4 c4 23. Bxc4 Bc2 24. Re1 Bxe4 25. Rxe4 Nf5 26. Bb3 Nd6 27. Re1 Bc3 28. Rc1 Bb4 29. f3 h5 30. Rc6 g5 31. Kf2 Rh6 32. Ra6 Rf6 33. Ke2 Nc8 34. Ra8 Kc7 35. a3 Kb7 36. Rxc8 Kxc8 37. axb4 axb4 38. Kd3 Kb7 39. Kc4 Rb6 40. Kc5 f6 41. Kd4 Kc7 42. g3 Kd6 0-1